Statistics for Life of Pi

Click here to take the quiz!

General Stats

  • This quiz has been taken 29 times
  • The average score is 50 of 101

Answer Stats

π =% Correct
1
100%
1
100%
3
100%
4
100%
5
92%
9
88%
2
84%
5
84%
6
84%
3
80%
3
80%
5
80%
7
80%
8
80%
9
80%
9
80%
2
76%
3
76%
4
76%
8
76%
2
72%
4
72%
6
72%
6
72%
3
68%
2
64%
3
64%
3
64%
7
64%
8
64%
9
56%
5
52%
0
48%
2
48%
1
44%
4
44%
8
44%
8
44%
9
44%
0
40%
1
40%
1
40%
3
40%
3
40%
5
40%
6
40%
7
40%
7
40%
9
40%
9
40%
9
40%
0
36%
0
36%
0
36%
0
36%
1
36%
2
36%
2
36%
2
36%
2
36%
3
36%
4
36%
4
36%
4
36%
4
36%
5
36%
5
36%
6
36%
6
36%
6
36%
7
36%
7
36%
8
36%
8
36%
8
36%
8
36%
9
36%
9
36%
9
36%
9
36%
9
36%
0
32%
2
32%
2
32%
3
32%
4
32%
5
32%
6
32%
8
32%
8
32%
8
32%
0
28%
1
28%
1
28%
2
28%
3
28%
4
28%
6
28%
7
28%
7
28%
9
28%

Score Distribution

Percentile by Number Answered

Percent of People with Each Score

Your Score History

You have not taken this quiz